000 01004cam a22002771 4500
001 10270964
003 OSt
005 20141103100948.0
008 751013s1955 enkb b 000 0 eng
010 _a 55058262
015 _aGB55-2844
035 _a(OCoLC)1699268
040 _aDLC
_cCtY
_dUk
_dDLC
042 _apremarc
050 0 0 _aPJ8999
_b.U4
100 1 _aUllendorff, Edward.
_933102
245 1 4 _aThe Semitic languages of Ethiopia;
_ba comparative phonology.
260 _aLondon,
_bTaylor's (Foreign) Press
_c[1955]
300 _axiv, 273 p.
_bfold. col. map.
_c23 cm.
504 _a"Bibliographical notes": p. 233-239.
650 0 _aEthiopian languages
_xPhonology.
_933103
710 2 _aThomas Leiper Kane Collection (Library of Congress. Hebraic Section)
_5DLC
_933104
906 _a7
_bcbc
_coclcrpl
_du
_encip
_f19
_gy-gencatlg
942 _2lcc
_cBK
999 _c60674
_d60648